Año 2002: entre el retroceso económico, el desgaste político y el estancamiento social
Đã lưu trong:
| Định dạng: | Texto |
|---|---|
| Những chủ đề: | |
| Các nhãn: |
Thêm thẻ
Không có thẻ, Là người đầu tiên thẻ bản ghi này!
|
MARC
| LEADER | 00000 a a2200000 04500 | ||
|---|---|---|---|
| 001 | 5179 | ||
| 003 | |||
| 040 | |||
| 245 | 0 | |a Año 2002: |b entre el retroceso económico, el desgaste político y el estancamiento social | |
| 650 | |a CONDICIONES SOCIALES | ||
| 650 | |a CONDICIONES ECONOMICAS | ||
| 650 | |a ASPECTOS POLITICOS | ||
| 650 | |a SISTEMA DE SALUD | ||
| 650 | |a ENCUESTAS DE OPINION PUBLICA | ||
| 773 | |g volumen 57, número 649 -650; páginas 1128-1132 | ||
| 999 | |c 34704 |d 34704 | ||
